| 000 | 00380nam a22001697a 4500 | ||
|---|---|---|---|
| 005 | 20260413113248.0 | ||
| 008 | 160628b xxu||||| |||| 00| 0 eng d | ||
| 020 | _a0-586-02596-4 | ||
| 041 | _aeng | ||
| 082 | _a813.54 | ||
| 100 |
_aAsimov, Isaac _92873 |
||
| 245 | _aThe Rest of Robots | ||
| 260 | _bDebsen | ||
| 300 | _a223 | ||
| 650 |
_aAmerican fiction _98938 |
||
| 942 | _cBK | ||
| 999 |
_c4571 _d4569 |
||